[Event "OBEM 2018"]
[Site "Bremen"]
[Date "2018.03.30"]
[Round "8"]
[White "Margraf, Daniel"]
[Black "Kardoeus, David"]
[Result "1/2-1/2"]
[WhiteElo "2200"]
[BlackElo "2229"]
[Annotator "NA RC"]
[PlyCount "77"]
[EventDate "2018.??.??"]
[EventType "swiss"]
[EventCountry "GER"]
[SourceTitle "playchess.com"]
[Source "ChessBase"]
[SourceQuality "1"]
[TimeControl "40/5400+30:1800+30"]

{[%evp 8,63,44,18,16,32767,32767,32767,32767,2,16,17,32767,32767,63,43,33,18,0,-6,-9,-51,-11,-2,-7,-19,0,16,57,60,52,24,51,39,32767,44,63,54,71,31,33,0,32767,32767,32767,32767,32767,0,0,32767,32767,32767,32767,32767,0,0,0,0]} 1. e4 {[%emt 0:00:00]} e5 {[%emt 0:00:18]} 2. Nf3 {[%emt 0:00:21]} Nf6 {[%emt 0:00:18]} 3. Nxe5 {[%emt 0:02:14]} d6 {[%emt 0:00:10]} 4. Nf3 {[%emt 0:00:11]} Nxe4 {[%emt 0:00:12]} 5. Nc3 {[%emt 0:00:31]} Nxc3 {[%emt 0:00:09]} 6. dxc3 {[%emt 0:00:10]} Nc6 {[%emt 0:00:26]} 7. Bd3 {[%emt 0:02:42]} Be7 {[%emt 0:01:10]} 8. Bf4 {[%emt 0:05:07] C42: Petroff Defence: 3 Nxe5 and unusual White 3rd moves} Be6 {[%emt 0:09:30] LiveBook: 7 Games} 9. Nd4 {[%emt 0:05:37]} (9. Qe2 Qd7 10. O-O-O Bf5 11. Bb5 Qe6 12. Rhe1 Qxe2 13. Rxe2 Kf8 14. Rde1 Bf6 {½-½ (48) Jaracz,P (2565)-Fridman,D (2661) Aix les Bains 2011}) 9... Nxd4 {[%emt 0:07:53]} 10. cxd4 {[%emt 0:00:10]} g5 $146 {[%emt 0:05:43]} ({Find the theoretical novelty and annotate with similar games:} 10... Bg5 11. Qf3 c6 12. O-O Qf6 13. Bxg5 Qxg5 14. Rfe1 O-O-O {½-½ (30) Kostal,J (2384)-Nejtek,J (2370) ICCF 2005}) 11. Bd2 {[%emt 0:04:22]} Qd7 {[%emt 0:04:38]} 12. Qe2 {[%emt 0:16:59]} O-O-O {[%emt 0:06:22]} 13. Bb5 {[%emt 0:02:03]} c6 {[%emt 0:05:56]} 14. Bd3 {[%emt 0:02:38]} Bf6 {[%emt 0:11:07]} 15. Be3 {[%emt 0:04:57]} Rde8 {[%emt 0:01:39]} 16. O-O {[%emt 0:05:23]} Bd8 {[%emt 0:09:26]} 17. Qd2 {[%emt 0:02:25]} Bd5 {[%emt 0:06:22] [#]} ({Black should try} 17... Rhg8 $11) 18. f3 $1 {[%emt 0:04:53]} f6 {[%emt 0:03:47]} 19. c4 {[%emt 0:02:00]} Bf7 {[%emt 0:02:42]} 20. f4 {[%emt 0:03:45]} h6 {[%emt 0:05:33]} 21. Rae1 {[%emt 0:04:03]} d5 {[%emt 0:01:58] [#]} 22. c5 $1 {[%emt 0:01:23]} Bc7 {[%emt 0:02:57]} 23. Qc2 {[%emt 0:04:02]} Kb8 {[%emt 0:00:24]} 24. b4 {[%emt 0:02:09]} gxf4 {[%emt 0:01:03]} 25. Bf5 {[%emt 0:05:45]} Be6 {[%emt 0:00:54]} 26. Bxf4 {[%emt 0:03:54]} Bxf4 {[%emt 0:05:45]} 27. Rxf4 {[%emt 0:03:01]} Bxf5 {[%emt 0:00:04]} 28. Rxe8+ {[%emt 0:00:11]} Rxe8 {[%emt 0:00:06]} 29. Rxf5 {[%emt 0:02:33]} Re1+ {[%emt 0:00:29]} 30. Rf1 {[%emt 0:00:13]} Qe6 {[%emt 0:03:31]} 31. Qf2 {[%emt 0:01:52]} Rxf1+ {[%emt 0:01:14]} 32. Kxf1 $11 {[%emt 0:00:08]} f5 {[%emt 0:03:13]} 33. Qg3+ {[%emt 0:00:38]} Kc8 {[%emt 0:00:01]} 34. Qg7 {[%emt 0:00:23]} Qe4 {[%emt 0:00:21]} 35. Qf8+ {[%emt 0:03:13]} Kc7 {[%emt 0:00:04]} 36. Qd6+ {[%emt 0:00:50]} Kc8 {[%emt 0:00:02]} 37. Qf8+ {[%emt 0:00:05]} Kc7 {[%emt 0:00:08]} 38. Qg7+ {[%emt 0:01:07]} Kc8 {[%emt 0:00:06]} 39. Qf8+ {[%emt 0:01:53]} 1/2-1/2

[Event "OBEM 2018"]
[Site "Bremen"]
[Date "2018.03.30"]
[Round "8"]
[White "Stieglitz, Dirk"]
[Black "Silber, Kevin"]
[Result "1-0"]
[WhiteElo "2052"]
[BlackElo "2274"]
[Annotator "TA"]
[PlyCount "79"]
[EventDate "2018.??.??"]
[EventType "swiss"]
[EventCountry "GER"]
[SourceTitle "playchess.com"]
[Source "ChessBase"]
[SourceQuality "1"]

{[%evp 9,79,14,59,56,45,28,40,-24,-24,-38,-46,-42,-43,-62,-51,-55,-50,-70,-69,-66,-12,-14,-14,-41,-26,-19,-26,-53,-22,-19,-19,-34,-35,-46,-47,-55,-44,-68,-35,-104,-84,-112,-83,-98,-32,-57,-63,-60,-54,-58,-7,0,225,0,12,11,0,12,25,-87,0,0,0,-86,22,0,0,0,23,5,45,64]} 1. c4 c6 2. Nf3 d5 3. e3 Nf6 4. Nc3 Bg4 5. h3 (5. d4 e6 6. h3 Bxf3 7. Qxf3 Nbd7 8. Bd3 Bb4 9. O-O O-O 10. Qd1 Re8 11. Bd2 dxc4 12. Bxc4 Qe7 13. a3 Bd6 14. Qc2 Rad8 15. Rfd1 h5 16. b4 h4 {0-1 (35) So,W (2815)-Carlsen,M (2832) chess.com INT 2017}) 5... Bh5 6. Qb3 {A11: English Opening: 1...c6} Qb6 7. Qxb6 $146 ({Find the theoretical novelty and annotate with similar games:} 7. g4 Bg6 8. g5 Ne4 9. cxd5 Nxc3 10. bxc3 Be4 11. Be2 Bxd5 12. c4 Be4 {0-1 (33) Malakhatko,V (2560)-Van der Stricht,G (2350) Charleroi 2014}) 7... axb6 {[%cal Ba7b6,Bb6b5,Bb5b4][%mdl 32]} 8. Ne5 (8. cxd5 $14 Bxf3 9. gxf3) 8... dxc4 $11 9. g4 Bg6 $1 10. Bxc4 b5 11. Nxg6 hxg6 12. Be2 $1 b4 13. Nd1 {[%cal Bc3d1,Bd1f2,Bf2e4][%mdl 32]} e5 14. b3 e4 (14... Bd6 $15) 15. f3 g5 16. Bb2 Nbd7 17. Nf2 exf3 18. Bxf3 Bd6 19. d4 Nd5 $36 {[%mdl 2048] Black has some pressure.} 20. Ne4 Be7 21. Kf2 O-O {[%cal Be8g8,Bg8h7,Bh7g7][%mdl 32]} 22. Ng3 g6 23. Rhc1 N7b6 24. Be4 (24. Ne4 $15) 24... Bd6 $17 25. Nf1 Kh7 26. Bd3 f6 (26... f5 $17 {And now ...fxg4+ would win.} 27. gxf5 gxf5) 27. Re1 Kg7 28. Nd2 Rh8 29. Bf1 Ra7 (29... f5 $15) 30. Nc4 $11 Be7 $2 {[#]} (30... Bf8 $11 {and Black is okay.}) 31. a4 $2 ({Only move:} 31. e4 $18) 31... Nxc4 32. bxc4 Nc7 33. e4 Rha8 34. Ke3 {[#]} (34. c5 $11) 34... Rxa4 (34... c5 $1 $17) 35. Rxa4 Rxa4 36. Ra1 (36. c5 $1 $11 {was the only way to keep the balance.}) 36... Ra6 (36... Rxa1 $17 37. Bxa1 c5) 37. c5 Rxa1 38. Bxa1 Na6 39. Kd3 Bd8 40. Kc4 {Precision: White = 33%, Black = 41%.} 1-0

[Event "OBEM 2018"]
[Site "Bremen"]
[Date "2018.03.30"]
[Round "8"]
[White "Mueller, Wolfgang"]
[Black "Issing, Peter"]
[Result "1-0"]
[WhiteElo "2023"]
[BlackElo "2196"]
[Annotator "NA RC"]
[PlyCount "71"]
[EventDate "2018.??.??"]
[EventType "swiss"]
[EventCountry "GER"]
[SourceTitle "playchess.com"]
[Source "ChessBase"]
[SourceQuality "1"]
[TimeControl "40/5400+30:1800+30"]

{[%evp 8,57,14,25,43,31,32767,32767,23,-4,45,40,79,64,109,26,17,-33,-26,-18,-21,-39,-25,-112,-92,-175,-159,-160,-168,-228,-15,-25,32767,32767,128,32767,102,123,123,78,75,69,32767,32767,32767,32767,32767,32767,32767,312,1198,1516]} 1. e4 {[%emt 0:00:00]} c5 {[%emt 0:00:05]} 2. Nf3 {[%emt 0:00:00]} Nc6 {[%emt 0:00:23]} 3. d4 {[%emt 0:00:00]} cxd4 {[%emt 0:00:05]} 4. Nxd4 {[%emt 0:00:00]} e6 {[%emt 0:00:06]} 5. Nc3 {[%emt 0:00:21]} Qc7 {[%emt 0:00:25]} 6. Be2 {[%emt 0:02:35]} a6 {[%emt 0:02:17]} 7. O-O {[%emt 0:00:24]} Nf6 {[%emt 0:02:22]} 8. Bg5 {[%emt 0:03:45]} Bb4 {[%emt 0:05:10] B47: Sicilian: Taimanov: 5 Nc3 Qc7 6 f4, 6 g3 and 6 Be2} 9. Nxc6 {[%emt 0:05:48]} bxc6 {[%emt 0:24:27]} 10. Qd4 {[%emt 0:06:19]} Bd6 {[%emt 0:03:59] LiveBook: 3 Games} 11. g3 $146 {[%emt 0:29:26]} ({Predecessor:} 11. f4 $16 e5 12. Qd2 exf4 13. Bxf4 Bxf4 14. Rxf4 d6 15. Rd1 Ke7 16. Rf3 {0-1 (82) Pogonina,N (2445)-Hou,Y (2671) Monaco 2015}) 11... Be5 {[%emt 0:07:13]} 12. Qd2 {[%emt 0:09:58]} O-O {[%emt 0:00:42]} 13. Bf3 {[%emt 0:00:58]} Rb8 {[%emt 0:02:31]} 14. Na4 {[%emt 0:02:09]} d5 {[%emt 0:01:47]} 15. exd5 {[%emt 0:01:26]} (15. Rad1 $11 {keeps the balance.}) 15... cxd5 {[%emt 0:00:37]} 16. Be3 {[%emt 0:03:15]} (16. Rfe1 $17 {is a better defense.}) 16... Bd7 {[%emt 0:02:42]} 17. Nc5 {[%emt 0:01:52]} Rxb2 {[%emt 0:02:36]} 18. Rab1 {[%emt 0:12:52]} (18. Rfb1 $17) 18... Bb5 $2 {[%emt 0:05:30]} (18... Rxa2 $19 19. Be2 Ne4 20. Nxe4 dxe4) 19. Rxb2 {[%emt 0:00:30]} Bxb2 {[%emt 0:00:24]} 20. c4 {[%emt 0:03:58]} d4 {[%emt 0:08:25]} (20... Bxc4 $11 {keeps the balance.} 21. Qxb2 Bxf1 22. Kxf1 Rb8) 21. Qxb2 {[%emt 0:00:04]} dxe3 {[%emt 0:00:28]} 22. cxb5 {[%emt 0:00:21]} Qxc5 {[%emt 0:00:16]} 23. bxa6 {[%emt 0:01:15]} (23. b6 $142) 23... Nd5 $1 {[%emt 0:01:07]} 24. fxe3 {[%emt 0:05:39]} Qxe3+ {[%emt 0:00:49]} 25. Qf2 {[%emt 0:00:47]} Qa3 {[%emt 0:10:30]} 26. a7 {[%emt 0:00:56]} Ra8 {[%emt 0:12:26]} 27. Bxd5 {[%emt 0:00:31]} exd5 {[%emt 0:00:06]} 28. Qxf7+ {[%emt 0:00:12]} Kh8 {[%emt 0:00:01]} 29. Re1 $18 {[%emt 0:05:28]} Qc5+ {[%emt 0:02:08]} 30. Kg2 {[%emt 0:00:01]} Qc6 {[%emt 0:00:18]} 31. Re6 {[%emt 0:02:15]} Qc2+ {[%emt 0:00:28]} 32. Kh3 {[%emt 0:00:09]} Qc8 {[%emt 0:00:16]} 33. Kh4 {[%emt 0:00:52]} Qg8 {[%emt 0:02:36]} 34. Re7 {[%emt 0:00:59]} d4 {[%emt 0:00:41]} 35. Qxg8+ {[%emt 0:00:49]} Kxg8 {[%emt 0:00:07]} 36. Rb7 {[%emt 0:00:15]} 1-0

[Event "OBEM 2018"]
[Site "Bremen"]
[Date "2018.03.31"]
[Round "9"]
[White "Hoeffer, David"]
[Black "Margraf, Daniel"]
[Result "0-1"]
[WhiteElo "2264"]
[BlackElo "2200"]
[Annotator "RC"]
[PlyCount "92"]
[EventDate "2018.??.??"]
[EventType "swiss"]
[EventCountry "GER"]
[SourceTitle "playchess.com"]
[Source "ChessBase"]
[SourceQuality "1"]
[TimeControl "40/5400+30:1800+30"]

1. Nf3 {[%emt 0:00:00]} Nf6 {[%emt 0:01:29]} 2. c4 {[%emt 0:00:19]} c5 {[%emt 0:01:53]} 3. d4 {[%emt 0:01:03]} cxd4 {[%emt 0:02:09]} 4. Nxd4 {[%emt 0:00:06]} g6 {[%emt 0:02:41]} 5. Nc3 {[%emt 0:00:06]} Bg7 {[%emt 0:00:51]} 6. e4 {[%emt 0:00:13]} d6 {[%emt 0:01:50]} 7. Be2 {[%emt 0:00:05]} Nc6 {[%emt 0:01:43]} 8. Nc2 {[%emt 0:00:05]} O-O {[%emt 0:00:40]} 9. O-O {[%emt 0:00:05]} Be6 {[%emt 0:04:03]} 10. Be3 {[%emt 0:01:39]} Rc8 {[%emt 0:02:13]} 11. Rc1 {[%emt 0:01:47]} Ne5 {[%emt 0:06:36]} 12. b3 {[%emt 0:01:17]} a6 {[%emt 0:01:58]} 13. Qd2 {[%emt 0:01:11]} Re8 {[%emt 0:01:46]} 14. f3 {[%emt 0:01:25]} Qa5 {[%emt 0:02:42]} 15. Nd4 {[%emt 0:03:30]} Bd7 {[%emt 0:03:17]} 16. Rfd1 {[%emt 0:02:24]} Nc6 {[%emt 0:01:12]} 17. Nc2 {[%emt 0:03:58]} Ne5 {[%emt 0:02:40]} 18. Kh1 {[%emt 0:09:55]} b5 {[%emt 0:05:47]} 19. b4 {[%emt 0:00:43]} Qc7 {[%emt 0:00:59]} 20. c5 {[%emt 0:05:45]} dxc5 {[%emt 0:03:24]} 21. Bxc5 {[%emt 0:00:14]} Be6 {[%emt 0:01:48]} 22. Ne3 {[%emt 0:01:57]} Bh6 {[%emt 0:06:27]} 23. Qe1 {[%emt 0:06:55]} Nc4 {[%emt 0:03:40]} 24. Bxc4 {[%emt 0:04:54]} Bxc4 {[%emt 0:01:51]} 25. Rc2 {[%emt 0:00:22]} Bf4 {[%emt 0:04:53]} 26. Nxc4 {[%emt 0:03:38]} bxc4 {[%emt 0:00:12]} 27. g3 {[%emt 0:00:36]} Bd6 {[%emt 0:01:24]} 28. Bxd6 {[%emt 0:02:18]} exd6 {[%emt 0:00:06]} 29. Qd2 {[%emt 0:00:08]} Re6 {[%emt 0:03:22]} 30. Qd4 {[%emt 0:01:54]} Qb7 {[%emt 0:00:50]} 31. a3 {[%emt 0:00:35]} Nd7 {[%emt 0:02:34]} 32. Nd5 {[%emt 0:02:23]} Ne5 {[%emt 0:00:55]} 33. Kg2 {[%emt 0:00:46]} Qb5 {[%emt 0:03:30]} 34. Qc3 {[%emt 0:03:09]} Rc6 {[%emt 0:02:45]} 35. h4 {[%emt 0:05:26]} h5 {[%emt 0:01:19]} 36. Nf4 {[%emt 0:01:32]} Re8 {[%emt 0:02:03]} 37. Rcd2 {[%emt 0:03:51]} Nd3 {[%emt 0:08:18]} 38. Nd5 {[%emt 0:03:09]} Re6 {[%emt 0:01:15]} 39. g4 {[%emt 0:09:49]} hxg4 {[%emt 0:04:25]} 40. fxg4 {[%emt 0:00:29]} Re5 {[%emt 0:34:26]} 41. Qd4 {[%emt 0:32:33]} Rxd5 {[%emt 0:00:00]} 42. exd5 {[%emt 0:00:00]} Rc8 {[%emt 0:00:00]} 43. h5 {[%emt 0:00:00]} Ne5 {[%emt 0:00:00]} 44. Rc1 {[%emt 0:00:00]} Qa4 {[%emt 0:00:00]} 45. Rc3 {[%emt 0:00:00]} a5 {[%emt 0:00:00]} 46. hxg6 {[%emt 0:00:00]} Nxg6 {[%emt 0:00:00]} 0-1

[Event "OBEM 2018"]
[Site "Bremen"]
[Date "2018.03.31"]
[Round "9"]
[White "Kardoeus, David"]
[Black "Mueller, Wolfgang"]
[Result "1-0"]
[WhiteElo "2229"]
[BlackElo "2023"]
[Annotator "NA RC"]
[PlyCount "87"]
[EventDate "2018.??.??"]
[EventType "swiss"]
[EventCountry "GER"]
[SourceTitle "playchess.com"]
[Source "ChessBase"]
[SourceQuality "1"]
[TimeControl "40/5400+30:1800+30"]

1. e4 {[%emt 0:08:47]} e6 {[%emt 0:00:06]} 2. d4 {[%emt 0:00:23]} d5 {[%emt 0:00:05]} 3. Nd2 {[%emt 0:00:25]} a6 {[%emt 0:00:08]} 4. Bd3 {[%emt 0:01:15]} c5 {[%emt 0:00:28]} 5. Ngf3 {[%emt 0:01:07]} dxe4 {[%emt 0:03:59]} 6. Nxe4 {[%emt 0:01:12]} cxd4 {[%emt 0:00:23]} 7. Nxd4 {[%emt 0:04:35]} Bd7 {[%emt 0:00:10]} 8. Qe2 {[%emt 0:13:45]} Nc6 {[%emt 0:02:28]} 9. Nf5 {[%emt 0:05:43]} Bb4+ {[%emt 0:08:37]} 10. c3 {[%emt 0:02:04]} exf5 {[%emt 0:01:23]} 11. Nd6+ {[%emt 0:02:26]} Kf8 {[%emt 0:00:07]} 12. cxb4 {[%emt 0:01:11]} Qf6 {[%emt 0:10:32]} 13. Be3 {[%emt 0:14:15]} Qxd6 {[%emt 0:11:55]} 14. Bc5 {[%emt 0:00:54]} Qxc5 {[%emt 0:00:01]} 15. bxc5 {[%emt 0:00:21]} Re8 {[%emt 0:00:03]} 16. O-O-O {[%emt 0:04:45]} Rxe2 {[%emt 0:00:16]} 17. Bxe2 {[%emt 0:00:11]} Be6 {[%emt 0:05:08]} 18. Rd6 {[%emt 0:03:15]} Nge7 {[%emt 0:01:39]} 19. Rhd1 {[%emt 0:02:35]} g6 {[%emt 0:00:11]} 20. a3 {[%emt 0:01:24]} a5 {[%emt 0:01:55]} 21. Kc2 {[%emt 0:02:26]} Kg7 {[%emt 0:01:17]} 22. Kc3 {[%emt 0:00:54]} Rc8 {[%emt 0:06:58]} 23. Bc4 {[%emt 0:01:11]} Ne5 {[%emt 0:11:55]} 24. Bxe6 {[%emt 0:01:40]} fxe6 {[%emt 0:01:21]} 25. b4 {[%emt 0:03:15]} Nd5+ {[%emt 0:01:42]} 26. Kd4 {[%emt 0:13:37]} Nc6+ {[%emt 0:06:59]} 27. Kc4 {[%emt 0:00:11]} Ne5+ {[%emt 0:08:54]} 28. Kb5 {[%emt 0:00:45]} Nc3+ {[%emt 0:00:58]} 29. Kb6 {[%emt 0:00:10]} Nxd1 {[%emt 0:02:19]} 30. Kxb7 {[%emt 0:00:51]} Re8 {[%emt 0:00:55]} 31. Rxd1 {[%emt 0:00:25]} Re7+ {[%emt 0:02:08]} 32. Kb6 {[%emt 0:01:41]} Nc4+ {[%emt 0:02:42]} 33. Kb5 {[%emt 0:00:35]} Nxa3+ {[%emt 0:00:12]} 34. Kxa5 {[%emt 0:00:20]} e5 {[%emt 0:00:44]} 35. b5 {[%emt 0:02:08]} Nc2 {[%emt 0:05:23]} 36. b6 {[%emt 0:01:17]} Nd4 {[%emt 0:00:15]} 37. Ka6 {[%emt 0:00:24]} Ne6 {[%emt 0:03:46]} 38. c6 {[%emt 0:00:56]} e4 {[%emt 0:00:33]} 39. b7 {[%emt 0:02:03]} Nc5+ {[%emt 0:00:24]} 40. Kb6 {[%emt 0:00:17]} Nxb7 {[%emt 0:30:36]} 41. cxb7 {[%emt 0:30:09]} Rxb7+ {[%emt 0:00:04]} 42. Kxb7 {[%emt 0:00:05]} Kf6 {[%emt 0:00:02]} 43. Kc6 {[%emt 0:00:44]} Ke5 {[%emt 0:00:12]} 44. Kc5 {[%emt 0:03:25]} 1-0

[Event "OBEM 2018"]
[Site "Bremen"]
[Date "2018.03.31"]
[Round "9"]
[White "Issing, Peter"]
[Black "Stieglitz, Dirk"]
[Result "0-1"]
[WhiteElo "2196"]
[BlackElo "2052"]
[Annotator "RC"]
[PlyCount "92"]
[EventDate "2018.??.??"]
[EventType "swiss"]
[EventCountry "GER"]
[SourceTitle "playchess.com"]
[Source "ChessBase"]
[SourceQuality "1"]
[TimeControl "40/5400+30:1800+30"]

1. d4 {[%emt 0:00:00]} d5 {[%emt 0:00:08]} 2. c4 {[%emt 0:00:00]} c6 {[%emt 0:00:04]} 3. Nf3 {[%emt 0:00:00]} Nf6 {[%emt 0:00:06]} 4. Qc2 {[%emt 0:00:00]} dxc4 {[%emt 0:00:56]} 5. Qxc4 {[%emt 0:01:48]} Bg4 {[%emt 0:00:09]} 6. Nbd2 {[%emt 0:01:30]} Nbd7 {[%emt 0:01:16]} 7. g3 {[%emt 0:02:56]} e6 {[%emt 0:00:14]} 8. Bg2 {[%emt 0:00:10]} Be7 {[%emt 0:00:08]} 9. O-O {[%emt 0:08:34]} O-O {[%emt 0:00:45]} 10. Ne5 {[%emt 0:06:04]} Bh5 {[%emt 0:10:52]} 11. Ndf3 {[%emt 0:01:08]} a5 {[%emt 0:15:39]} 12. a4 {[%emt 0:04:13]} Qb6 {[%emt 0:03:19]} 13. Be3 {[%emt 0:02:25]} Qb4 {[%emt 0:04:39]} 14. Qd3 {[%emt 0:08:36]} Bxf3 {[%emt 0:03:30]} 15. Nxf3 {[%emt 0:01:44]} Nd5 {[%emt 0:00:47]} 16. Bd2 {[%emt 0:00:48]} Qb6 {[%emt 0:02:36]} 17. Rac1 {[%emt 0:05:48]} h6 {[%emt 0:04:06]} 18. Rfd1 {[%emt 0:07:37]} Rfd8 {[%emt 0:00:43]} 19. e4 {[%emt 0:02:02]} N5f6 {[%emt 0:03:49]} 20. Be3 {[%emt 0:02:14]} Qxb2 {[%emt 0:03:29]} 21. Rb1 {[%emt 0:01:52]} Qa3 {[%emt 0:00:39]} 22. Qxa3 {[%emt 0:03:32]} Bxa3 {[%emt 0:00:12]} 23. e5 {[%emt 0:00:45]} Nd5 {[%emt 0:02:07]} 24. Rxb7 {[%emt 0:01:39]} Nc3 {[%emt 0:13:58]} 25. Ra1 {[%emt 0:02:33]} Bb4 {[%emt 0:00:23]} 26. Ne1 {[%emt 0:01:34]} Rac8 {[%emt 0:00:38]} 27. Nd3 {[%emt 0:04:13]} c5 {[%emt 0:01:35]} 28. dxc5 {[%emt 0:04:38]} Nxc5 {[%emt 0:00:30]} 29. Rxb4 {[%emt 0:16:29]} Nxd3 {[%emt 0:02:39]} 30. Rb7 {[%emt 0:00:53]} Nc5 {[%emt 0:03:57]} 31. Ra7 {[%emt 0:01:24]} Nb3 {[%emt 0:04:47]} 32. Ra3 {[%emt 0:01:13]} Rd1+ {[%emt 0:03:37]} 33. Bf1 {[%emt 0:00:05]} Rb8 {[%emt 0:00:40]} 34. Kg2 {[%emt 0:00:57]} Nd5 {[%emt 0:06:38]} 35. Bb5 {[%emt 0:00:51]} Nxe3+ {[%emt 0:05:08]} 36. fxe3 {[%emt 0:00:02]} Rd2+ {[%emt 0:00:38]} 37. Kf3 {[%emt 0:03:08]} Rb2 {[%emt 0:01:22]} 38. Rd7 {[%emt 0:02:39]} Rc8 {[%emt 0:00:55]} 39. Rd3 {[%emt 0:01:39]} Nd2+ {[%emt 0:00:38]} 40. Kg4 {[%emt 0:01:14]} g6 {[%emt 0:31:19]} 41. Rac3 {[%emt 0:02:27]} h5+ {[%emt 0:00:00]} 42. Kh3 {[%emt 0:03:09]} Rxc3 {[%emt 0:00:00]} 43. Rxc3 {[%emt 0:00:02]} Nf3 {[%emt 0:00:00]} 44. g4 {[%emt 0:02:32]} h4 {[%emt 0:00:00]} 45. g5 {[%emt 0:01:21]} Rxh2+ {[%emt 0:00:00]} 46. Kg4 {[%emt 0:00:01]} Rf2 {[%emt 0:00:00]} 0-1

[Event "OBEM 2018"]
[Site "Bremen"]
[Date "2018.03.31"]
[Round "9"]
[White "Schulz, Daniel"]
[Black "Boehning, Kilian"]
[Result "1/2-1/2"]
[WhiteElo "2051"]
[BlackElo "2109"]
[Annotator "NA RC"]
[PlyCount "81"]
[EventDate "2018.??.??"]
[EventType "swiss"]
[EventCountry "GER"]
[SourceTitle "playchess.com"]
[Source "ChessBase"]
[SourceQuality "1"]
[TimeControl "40/5400+30:1800+30"]

1. d4 {[%emt 0:12:51]} f5 {[%emt 0:03:32]} 2. g3 {[%emt 0:00:22]} g6 {[%emt 0:00:09]} 3. Bg2 {[%emt 0:00:08]} Nf6 {[%emt 0:00:18]} 4. Nf3 {[%emt 0:00:09]} Bg7 {[%emt 0:00:07]} 5. O-O {[%emt 0:00:09]} O-O {[%emt 0:00:08]} 6. b3 {[%emt 0:00:47]} d6 {[%emt 0:03:23]} 7. Bb2 {[%emt 0:00:15]} Qe8 {[%emt 0:05:13]} 8. c4 {[%emt 0:09:56]} c6 {[%emt 0:05:25]} 9. Qc2 {[%emt 0:09:55]} a5 {[%emt 0:09:15]} 10. Nbd2 {[%emt 0:02:58]} Na6 {[%emt 0:04:39]} 11. a3 {[%emt 0:01:59]} c5 {[%emt 0:04:30]} 12. Bc3 {[%emt 0:01:23]} Nd7 {[%emt 0:25:07]} 13. d5 {[%emt 0:05:36]} Bxc3 {[%emt 0:07:28]} 14. Qxc3 {[%emt 0:01:12]} Nc7 {[%emt 0:01:39]} 15. a4 {[%emt 0:09:45]} Nf6 {[%emt 0:03:59]} 16. e4 {[%emt 0:12:24]} fxe4 {[%emt 0:03:00]} 17. Ng5 {[%emt 0:02:54]} h6 {[%emt 0:01:45]} 18. Ngxe4 {[%emt 0:00:32]} b6 {[%emt 0:01:36]} 19. Rae1 {[%emt 0:02:21]} Qf7 {[%emt 0:00:29]} 20. Re2 {[%emt 0:03:08]} Nce8 {[%emt 0:02:20]} 21. Rfe1 {[%emt 0:07:06]} Ra7 {[%emt 0:00:08]} 22. f3 {[%emt 0:01:55]} Ng7 {[%emt 0:01:42]} 23. Nxf6+ {[%emt 0:03:37]} exf6 {[%emt 0:00:47]} 24. g4 {[%emt 0:01:17]} Rc7 {[%emt 0:03:45]} 25. Qe3 {[%emt 0:03:04]} h5 {[%emt 0:03:45]} 26. h3 {[%emt 0:01:41]} f5 {[%emt 0:01:28]} 27. Qg5 {[%emt 0:01:20]} Qf6 {[%emt 0:01:03]} 28. Qxf6 {[%emt 0:03:41]} Rxf6 {[%emt 0:00:15]} 29. g5 {[%emt 0:00:25]} Rff7 {[%emt 0:01:29]} 30. f4 {[%emt 0:00:18]} Kf8 {[%emt 0:03:10]} 31. Nf3 {[%emt 0:00:35]} Rfe7 {[%emt 0:00:52]} 32. Nh4 {[%emt 0:00:54]} Rxe2 {[%emt 0:00:33]} 33. Rxe2 {[%emt 0:00:09]} Kf7 {[%emt 0:00:07]} 34. Kf2 {[%emt 0:01:25]} Bd7 {[%emt 0:00:48]} 35. Bf3 {[%emt 0:00:31]} Be8 {[%emt 0:00:51]} 36. Ng2 {[%emt 0:00:29]} Re7 {[%emt 0:00:44]} 37. Ne3 {[%emt 0:00:28]} Bd7 {[%emt 0:00:33]} 38. Kg3 {[%emt 0:00:36]} Rxe3 {[%emt 0:01:48]} 39. Rxe3 {[%emt 0:00:20]} Bc8 {[%emt 0:00:09]} 40. Kh4 {[%emt 0:00:46]} Bd7 {[%emt 0:30:45]} 41. Kg3 {[%emt 0:03:31]} 1/2-1/2